<?xml version="1.0" encoding="UTF-8"?>
<record
    xmlns:xsi="http://www.w3.org/2001/XMLSchema-instance"
    xsi:schemaLocation="http://www.loc.gov/MARC21/slim http://www.loc.gov/standards/marcxml/schema/MARC21slim.xsd"
    xmlns="http://www.loc.gov/MARC21/slim">

  <leader>00978nam a22001937a 4500</leader>
  <controlfield tag="003">OSt</controlfield>
  <controlfield tag="005">20250228113822.0</controlfield>
  <controlfield tag="008">250228b2016    dr a|||| ip||o00| 0 spa d</controlfield>
  <datafield tag="022" ind1=" " ind2=" ">
    <subfield code="2">ONLINE: 2409-1553</subfield>
  </datafield>
  <datafield tag="040" ind1=" " ind2=" ">
    <subfield code="a">CGID0033</subfield>
    <subfield code="b">spa</subfield>
    <subfield code="c">CGID0033</subfield>
    <subfield code="e">rda</subfield>
  </datafield>
  <datafield tag="245" ind1=" " ind2=" ">
    <subfield code="a">Vol. 3 N&#xFA;m. 1 (2016): Revie - Revista de Investigaci&#xF3;n y Evaluaci&#xF3;n Educativa</subfield>
    <subfield code="c"> Instituto Dominicano de Evaluaci&#xF3;n e Investigaci&#xF3;n de la Calidad Educativa (IDEICE)</subfield>
  </datafield>
  <datafield tag="260" ind1=" " ind2=" ">
    <subfield code="a">Santo Domingo : </subfield>
    <subfield code="b"> Instituto Dominicano de Evaluaci&#xF3;n e Investigaci&#xF3;n de la Calidad Educativa (IDEICE)</subfield>
    <subfield code="c">2016</subfield>
  </datafield>
  <datafield tag="650" ind1=" " ind2=" ">
    <subfield code="a">1- Tasa de retorno de la educaci&#xF3;n - Rep&#xFA;blica Dominicana 2-  pol&#xED;tica de educaci&#xF3;n secundaria 3-  deserci&#xF3;n escolar - Rep&#xFA;blica Dominicana</subfield>
  </datafield>
  <datafield tag="700" ind1=" " ind2=" ">
    <subfield code="a">Boanerges Dominguez Ru&#xED;z, Carmen Garc&#xED;a, Evalina G&#xF3;mez</subfield>
  </datafield>
  <datafield tag="700" ind1=" " ind2=" ">
    <subfield code="a">Oscar Amarg&#xF3;s</subfield>
  </datafield>
  <datafield tag="700" ind1=" " ind2=" ">
    <subfield code="a">Renato R. Gonz&#xE1;lez, Felipe A. Llaugel</subfield>
  </datafield>
  <datafield tag="856" ind1=" " ind2=" ">
    <subfield code="u">https://revie.gob.do/index.php/revie/issue/view/13</subfield>
  </datafield>
  <datafield tag="942" ind1=" " ind2=" ">
    <subfield code="2">ddc</subfield>
    <subfield code="c">REV</subfield>
    <subfield code="e">Vol. 3 N&#xFA;m. 1 </subfield>
    <subfield code="n">0</subfield>
  </datafield>
  <datafield tag="999" ind1=" " ind2=" ">
    <subfield code="c">12513</subfield>
    <subfield code="d">12513</subfield>
  </datafield>
  <datafield tag="952" ind1=" " ind2=" ">
    <subfield code="0">0</subfield>
    <subfield code="1">0</subfield>
    <subfield code="2">ddc</subfield>
    <subfield code="4">0</subfield>
    <subfield code="7">0</subfield>
    <subfield code="a">RI</subfield>
    <subfield code="b">RI</subfield>
    <subfield code="d">2025-02-28</subfield>
    <subfield code="l">0</subfield>
    <subfield code="r">2025-02-28 15:37:54</subfield>
    <subfield code="u">https://revie.gob.do/index.php/revie/issue/view/13</subfield>
    <subfield code="w">2025-02-28</subfield>
    <subfield code="y">REV</subfield>
  </datafield>
</record>
